ბათუმის შოთა რუსთაველის სახელმწიფო უნივერსიტეტის ბიბლიოთეკა

Review of Viedical Microbiology and Immunology. (ბიბ.ჩანაწერი № 45411)

000 -LEADER
fixed length control field 00720nam a2200229Ia 4500
001 - CONTROL NUMBER
control field 12235
003 - CONTROL NUMBER IDENTIFIER
control field GE_BSU
005 - DATE AND TIME OF LATEST TRANSACTION
control field 20221117155055.0
008 - FIXED-LENGTH DATA ELEMENTS--GENERAL INFORMATION
fixed length control field 181216s2012en xx |||||||||||||| ||eng||
020 ## - INTERNATIONAL STANDARD BOOK NUMBER
International Standard Book Number 9780071774345 x
040 ## - CATALOGING SOURCE
Transcribing agency GE_BSU
041 ## - LANGUAGE CODE
Language code of text/sound track or separate title eng
080 ## - UNIVERSAL DECIMAL CLASSIFICATION NUMBER
Universal Decimal Classification number 579+616.097 L-62
100 ## - MAIN ENTRY--PERSONAL NAME
Personal name Levinson,Warren.
9 (RLIN) 15901
245 ## - TITLE STATEMENT
Title Review of Viedical Microbiology and Immunology.
Remainder of title A lange medical book /
Statement of responsibility, etc. Warren Levinson.
250 ## - EDITION STATEMENT
Edition statement Twelfth Edition.
264 ## - PRODUCTION, PUBLICATION, DISTRIBUTION, MANUFACTURE, AND COPYRIGHT NOTICE
Place of production, publication, distribution, manufacture New York :
Name of producer, publisher, distributor, manufacturer Graw Hill Medicall,
Date of production, publication, distribution, manufacture, or copyright notice 2012.
300 ## - PHYSICAL DESCRIPTION
Extent 510 p.:
Other physical details ill ;
Dimensions 28cm.
653 ## - INDEX TERM--UNCONTROLLED
keyword Review of Viedical Microbiology and Immunology.A lange medical book.
653 ## - INDEX TERM--UNCONTROLLED
keyword მიკრობიოლოგია
942 ## - ADDED ENTRY ELEMENTS (KOHA)
Koha item type წიგნი
Source of classification or shelving scheme
ეგზემპლარები
Withdrawn status Lost status Source of classification or shelving scheme Damaged status Not for loan Permanent Location Current Location Shelving location Date acquired Cost, normal purchase price Full call number Barcode Date last seen Copy number Price effective from Koha item type Public note
          ბათუმის შოთა რუსთაველის სახელმწიფო უნივერსიტეტის მთავარი ბიბლიოთეკა ბათუმის შოთა რუსთაველის სახელმწიფო უნივერსიტეტის მთავარი ბიბლიოთეკა წიგნსაცავი 2018-12-17 117.00 579+616.097 L-62 35985 2018-12-17 35985 2018-12-17 წიგნი 117ლ.